Human Resource Management (Record no. 2113)

MARC details
005 - DATE AND TIME OF LATEST TRANSACTION
control field 20250507125055.0
020 ## - INTERNATIONAL STANDARD BOOK NUMBER
International Standard Book Number 0-256-19354-1
082 ## - DEWEY DECIMAL CLASSIFICATION NUMBER
Classification number 658.3 MIL
100 ## - MAIN ENTRY--PERSONAL NAME
Author name MILKOVICH, G . T .
245 ## - TITLE STATEMENT
Title Human Resource Management
250 ## - EDITION STATEMENT
Edition statement 8th Ed.
260 ## - PUBLICATION, DISTRIBUTION, ETC.
Place of publication, distribution, etc. Boston,
Name of publisher, distributor, etc. McGraw - Hill,
Date of publication, distribution, etc. 1997.
300 ## - PHYSICAL DESCRIPTION
Extent xxv, 693p.: ill.;
Other physical details index ,reference,
Dimensions 25cm.
700 ## - ADDED ENTRY--PERSONAL NAME
Other authors/Editors BOUDREAU, J .W .
942 ## - ADDED ENTRY ELEMENTS (KOHA)
Source of classification or shelving scheme Dewey Decimal Classification
Koha item type Books
Holdings
Date last seen Total checkouts Full call number Barcode Cost, replacement price Price effective from Koha item type Lost status Source of classification or shelving scheme Damaged status Not for loan Withdrawn status Home library Current library Shelving location Date acquired Cost, normal purchase price
05/07/2025   658.3 MIL 0000008134 114000.00 05/07/2025 Books   Dewey Decimal Classification       College of Business Education Main Library College of Business Education Main Library General Collection 03/15/2003 38000.00